Music Quiz

Random Music or Rap Quiz

Top 25 Richest Rappers (2013) Quiz Stats

 Plays Quiz not verified by Sporcle

Challenge
Share
Tweet
Embed
Score 0/25 Timer 05:00
0 Plays Today
Rank Rapper % Correct
2.Jay-Z
92.1%
7.Eminem
84.4%
10.Lil Wayne
81.5%
11.Kanye West
74.2%
3.Dr. Dre
72.9%
1.Diddy
68.3%
5.50 Cent
67.7%
24.Drake
67.2%
8.Snoop Dogg
59.1%
20.T.I.
49.5%
9.Ice Cube
42.2%
25.Rick Ross
40.8%
6.Birdman
39.3%
Rank Rapper % Correct
16.Ludacris
36.1%
4.Master P
33.2%
19.Nelly
31.1%
22.Ice-T
31.1%
12.LL Cool J
28.1%
13.Akon
21.7%
22.T-Pain
20.8%
18.Busta Rhymes
19.2%
13.Timbaland
17.5%
13.Pharrell Williams
17.3%
20.Big Boi
13.7%
16.Beastie Boys
13.5%

You're not logged in!

Compare scores with friends on all Sporcle quizzes.
Join for Free
OR
Log In

You Might Also Like...

Show Comments

Extras

Top Quizzes Today


Score Distribution

Your Account Isn't Verified!

In order to create a playlist on Sporcle, you need to verify the email address you used during registration. Go to your Sporcle Settings to finish the process.

Report this User

Report this user for behavior that violates our Community Guidelines.

Details: